| 000 | 00000nas##2200000za#4500 |
| 001 | 9.513275 |
| 003 | CaOODSP |
| 005 | 20200325130931 |
| 007 | ta |
| 008 | 150406c1993||||xxc|| m #||||f| |0fre|d |
| 040 | |aCaOODSP|bfre |
| 043 | |an-cn--- |
| 086 | 1 |aZ1-1991/1-11-1F |
| 110 | 1 |aCanada.|bCommissions royales. |bCommission royale sur les peuples autochtones. |
| 245 | 10|aAudiences publiques / |cCoprésidents: René Dussault et Georges Erasmus. |
| 260 | |aOttawa - Ontario : |bCommissions royales. |
| 500 | |aDonnées de catalogage avant publication (Canada) imprimées dans ces publications. |
| 520 | 3 |aMise sur pied en 1991, la Commission royale sur les peuples autochtones s'est engagée à créer des liens entre les peuples autochtones et les non-autochtones en résolvant des préoccupations de longue date. Le mandat de la Commission englobe plusieurs domaines, y compris les affaires socio-culturelles, l'exercice des pouvoirs, l'autodétermination, les terres et l'économie, et les préoccupations particulières de la population nordique et des Métis. |
| 563 | |aCouverture souple |
| 720 | 1 |aDussault, René |
| 720 | 1 |aErasmus, Georges |
| 775 | 08|tPublic hearings / |w(CaOODSP)9.509776 |
| 775 | 08|tAudiences publiques / |w(CaOODSP)9.509777 |
| 775 | 08|tPublic hearings / |w(CaOODSP)9.514941 |